Statistics for Dance moms

Click here to take the quiz!

General Stats

  • This quiz has been taken 2,275 times
  • The average score is 12 of 15

Answer Stats

HintAnswer% Correct
Abby's favoriteMaddie
99%
Which dancer tried out for cheerleadingBrooke
96%
The youngest dancerMackenzie
96%
Cathys dance studioCandy apples
95%
Which dancer was accepted into Joffrey Ballet AcademyChloe
94%
Who left to dance for Candy ApplesKendall
92%
Which Dance mom is works at a schoolHolly
91%
Which Dance mom is getting remarriedMelissa
91%
Which Dance mom used to dance for AbbyKelly
84%
which dancer was taken out of the trio, and replaced by KendallPaige
83%
Which dancer has bracesNia
73%
What is the competition Abby Lee's dancers went to the mostStarbound
66%
Which dancer came in as Brookes replacementPeyton
57%
Which dance mom has been told to get a nose jobChristie
42%
Which Candy Apple dancer broke her ankleTaylor
41%

Score Distribution

Percentile by Number Answered

Percent of People with Each Score

Your Score History

You have not taken this quiz